000 01251nam a2200337 a 4500
001 ebr5001568
003 CaPaEBR
006 m u
007 cr cn|||||||||
008 950127s1996 enk sb 001 0 eng
010 _z 95003558
020 _z0415114381
020 _z041511439X (pbk.)
040 _aCaPaEBR
_cCaPaEBR
035 _a(OCoLC)50849615
050 1 4 _aPN98.S6
_bG735 1996eb
082 0 4 _a801/.95
_220
100 1 _aGreen, Keith,
_d1954-
245 1 0 _aCritical theory and practice
_h[electronic resource] :
_ba coursebook /
_cKeith Green and Jill LeBihan.
260 _aLondon ;
_aNew York :
_bRoutledge,
_c1996.
300 _axxiv, 336 p.
504 _aIncludes bibliographical references (p. 311-328) and index.
533 _aElectronic reproduction.
_bPalo Alto, Calif. :
_cebrary,
_d2013.
_nAvailable via World Wide Web.
_nAccess may be limited to ebrary affiliated libraries.
650 0 _aCriticism.
650 0 _aCritical theory.
650 0 _aLanguage and languages.
655 7 _aElectronic books.
_2local
700 1 _aLeBihan, Jill,
_d1966-
710 2 _aebrary, Inc.
856 4 0 _uhttp://site.ebrary.com/lib/rucke/Doc?id=5001568
_zAn electronic book accessible through the World Wide Web; click to view
999 _c1227
_d1227